Čertovo rebro Recenzia týždňa

Bibliographic Details
Main Authors: (hj) (Author), Ferko, Vladimír, 1925-2002 (Author)
Format: Article
Language:Slovak
Subjects:

MARC

LEADER 00000nab a2200000 a 4500
001 vtls000122413
003 SK-MaSNL
005 20260303032753.0
008 111104c1982 xo 0 slo
015 |a SNBRB19rr/mm-uuuuu 
035 |a CL0132518 
040 |a SNKBUCL  |b slo  |c SNKBUCL  |e AACR2 
041 0 |a slo 
044 |a xo  |c SK 
080 |a 82.09:885.4-3(048)  |2 1981 
080 |a 885.4-3(048)  |2 1981 
100 1 |a (hj)  |4 aut  |9 897415 
245 1 0 |a Čertovo rebro  |b Recenzia týždňa  |c (HJ) 
650 0 7 |a poviedky sociálne  |2 snkbucl  |9 921073 
650 0 7 |a literatúra pre deti a mládež  |2 snkbucl  |9 21893 
655 7 |a články z novín a časopisov  |2 snkbucl  |9 267496 
655 7 |a články z odboru literárna veda a krásna literatúra  |2 snkbucl  |9 770045 
700 1 |a Ferko, Vladimír,  |d 1925-2002  |4 aut  |9 113205 
773 0 |t Ľud  |g Roč. 35, č. 164 (13. 7. 1982), s. 5 
787 0 8 |i Rec.:  |a Ferko, Vladimír  |t Čertovo rebro  |d Bratislava : Mladé letá, 1982 
850 |a Slovenská národná knižnica v Martine  |a MTA001 
852 |a SNK  |b KIS3GCP 
958 |a RK 
958 |a LX 
992 |a RBX 
999 |c 1666683  |d 1668613